Presidents of the US - Statistics

General Stats
  • This quiz has been taken 14 times
    13 since last reset
  • The average score is 45 of 47
Answer Stats
# Hint President Party % Correct
2 1797-1801 Adams Federalist
100%
17 1865-1869 A. Johnson Democrat
100%
46 2021-2025 Biden Democrat
100%
39 1977-1981 Carter Democrat
100%
42 1993-2001 Clinton Democrat
100%
30 1923-1929 Coolidge Republican
100%
34 1953-1961 Eisenhower Republican
100%
38 1974-1977 Ford Republican
100%
32 1933-1945(died in office during 4th term) F. Roosevelt Democrat
100%
18 1869-1877 Grant Republican
100%
31 1929-1933 Hoover Republican
100%
41 1989-1993 H.W. Bush Republican
100%
7 1829-1837 Jackson Democrat
100%
3 1801-1809 Jefferson DemocraticRepublican
100%
35 1961-1963(assassinated) Kennedy Democrat
100%
16 1861-1865(assassinated during 2nd term) Lincoln Republican
100%
36 1963-1969 L. Johnson Democrat
100%
5 1817-1825 Monroe DemocraticRepublican
100%
37 1969-1974(resigned during 2nd term) Nixon Republican
100%
44 2009-2017 Obama Democrat
100%
11 1845-1849 Polk Democrat
100%
6 1825-1829 Q. Adams DemocraticRepublican
100%
40 1981-1989 Reagan Republican
100%
27 1909-1913 Taft Republican
100%
26 1901-1909 T. Roosevelt Republican
100%
33 1945-1953 Truman Democrat
100%
45 2017-2021 Trump Republican
100%
47 2025-Present Trump Republican
100%
8 1837-1841 Van Buren Democrat
100%
1 1789-1797 Washington None
100%
43 2001-2009 W. Bush Republican
100%
28 1913-1921 Wilson Democrat
100%
21 1881-1885 Arthur Republican
92%
22 1885-1889 Cleveland Democrat
92%
24 1893-1897 Cleveland Democrat
92%
20 1881-1881(assassinated) Garfield Republican
92%
23 1889-1893 B. Harrison Republican
83%
15 1857-1861 Buchanan Democrat
83%
29 1921-1923(died in office) Harding Republican
83%
19 1877-1881 Hayes Republican
83%
4 1809-1817 Madison DemocraticRepublican
83%
25 1897-1901(assassinated during 2nd term) McKinley Republican
83%
10 1841-1845 Tyler Whig
83%
9 1841-1841(died in office) W. Harrison Whig
83%
14 1853-1857 Pierce Democrat
75%
12 1849-1850(died in office) Taylor Whig
75%
13 1850-1853 Fillmore Whig
67%
No matching quizzes found
Score Distribution
Percent of People with Each Score
Percentile by Number Answered
Your Score History
You have not taken this quiz since the last reset